<?xml version="1.0" encoding="UTF-8"?>
<record
    xmlns:xsi="http://www.w3.org/2001/XMLSchema-instance"
    xsi:schemaLocation="http://www.loc.gov/MARC21/slim http://www.loc.gov/standards/marcxml/schema/MARC21slim.xsd"
    xmlns="http://www.loc.gov/MARC21/slim">

  <leader>01052nam a2200265 a 4500</leader>
  <controlfield tag="008">951121s1988||||[C               0  ger c</controlfield>
  <datafield tag="020" ind1=" " ind2=" ">
    <subfield code="c">12,50 K&#x10D;s. </subfield>
    <subfield code="q">(29800 v&#xFD;tl.)</subfield>
  </datafield>
  <datafield tag="040" ind1=" " ind2=" ">
    <subfield code="a">SNK</subfield>
    <subfield code="b">slo</subfield>
    <subfield code="c">SNK</subfield>
    <subfield code="e">AACR2</subfield>
  </datafield>
  <datafield tag="041" ind1="1" ind2=" ">
    <subfield code="a">slo</subfield>
    <subfield code="h">cze</subfield>
  </datafield>
  <datafield tag="044" ind1=" " ind2=" ">
    <subfield code="a">xo</subfield>
    <subfield code="c">SK</subfield>
  </datafield>
  <datafield tag="080" ind1=" " ind2=" ">
    <subfield code="a">803.0(075.2)</subfield>
  </datafield>
  <datafield tag="100" ind1="1" ind2=" ">
    <subfield code="a">Marou&#x161;kov&#xE1;, Marie</subfield>
    <subfield code="4">aut</subfield>
  </datafield>
  <datafield tag="245" ind1="1" ind2="0">
    <subfield code="a">Nem&#x10D;ina 3 pre 5. alebo 6. ro&#x10D;n&#xED;k tried s roz&#x161;&#xED;ren&#xFD;m vyu&#x10D;ovan&#xED;m jazykov na z&#xE1;kladn&#xFD;ch &#x161;kol&#xE1;ch</subfield>
    <subfield code="c">Marie Marou&#x161;kov&#xE1;, Pavla Niedermaierov&#xE1;, &#x160;arlota Pavl&#xED;kov&#xE1; ; &#x160;arlota Pavl&#xED;kov&#xE1;, Josef &#x158;&#xED;ha, Jana Lamserov&#xE1;, Dagmar Petr&#xE1;&#x161;kov&#xE1;</subfield>
  </datafield>
  <datafield tag="250" ind1=" " ind2=" ">
    <subfield code="a">2., vyd.</subfield>
  </datafield>
  <datafield tag="260" ind1=" " ind2=" ">
    <subfield code="a">Bratislava</subfield>
    <subfield code="b">SPN</subfield>
    <subfield code="c">1988</subfield>
    <subfield code="e">Praha</subfield>
    <subfield code="f">M&#xED;r</subfield>
  </datafield>
  <datafield tag="300" ind1=" " ind2=" ">
    <subfield code="a">256 s., 11,21 AH</subfield>
    <subfield code="b">Tb. Noty.</subfield>
    <subfield code="c">20 cm</subfield>
  </datafield>
  <datafield tag="500" ind1=" " ind2=" ">
    <subfield code="a">Nem.-slov. a slov.-nem. slovn&#xED;&#x10D;ek. Schv&#xE1;lilo M&#x160; SSR. Ilustr. na front.</subfield>
  </datafield>
  <datafield tag="700" ind1="1" ind2=" ">
    <subfield code="a">Niedermaierov&#xE1;, Pavla</subfield>
    <subfield code="4">aut</subfield>
  </datafield>
  <datafield tag="700" ind1="1" ind2=" ">
    <subfield code="a">Pavl&#xED;kov&#xE1;, &#x160;arlota</subfield>
    <subfield code="4">aut</subfield>
  </datafield>
  <datafield tag="700" ind1="1" ind2=" ">
    <subfield code="a">Pavl&#xED;kov&#xE1;, &#x160;arlota</subfield>
    <subfield code="4">trl</subfield>
  </datafield>
  <datafield tag="700" ind1="1" ind2=" ">
    <subfield code="a">&#x158;&#xED;ha, Josef</subfield>
    <subfield code="4">bkd</subfield>
  </datafield>
  <datafield tag="700" ind1="1" ind2=" ">
    <subfield code="a">Lamserov&#xE1;, Jana</subfield>
    <subfield code="4">bkd</subfield>
  </datafield>
  <datafield tag="700" ind1="1" ind2=" ">
    <subfield code="a">Petr&#xE1;&#x161;kov&#xE1;, Dagmar</subfield>
    <subfield code="4">bkd</subfield>
  </datafield>
  <datafield tag="958" ind1=" " ind2=" ">
    <subfield code="a">A</subfield>
  </datafield>
  <datafield tag="999" ind1=" " ind2=" ">
    <subfield code="c">19191</subfield>
    <subfield code="d">19191</subfield>
  </datafield>
  <datafield tag="952" ind1=" " ind2=" ">
    <subfield code="0">0</subfield>
    <subfield code="1">0</subfield>
    <subfield code="4">0</subfield>
    <subfield code="7">0</subfield>
    <subfield code="8">K</subfield>
    <subfield code="a">10000</subfield>
    <subfield code="b">10000</subfield>
    <subfield code="d">2019-11-29</subfield>
    <subfield code="g">12.50</subfield>
    <subfield code="i">17744</subfield>
    <subfield code="o">I 1401</subfield>
    <subfield code="r">2019-11-29</subfield>
    <subfield code="w">2019-11-29</subfield>
    <subfield code="y">OLDO</subfield>
  </datafield>
</record>
